000
00403nam a2200133Ia 4500
008
100328s9999 xx 000 0 und d
082
_b
72240
100
_a
तांबे नरेन.
245
_a
अॅबगेल अॅडम्स
260
_b
ग्रंथाली.
630
_a
अॅबगेल अॅडम्स
730
_a
अॅबगेल अॅडम्स
942
_c
BOOK
999
_c
557962
_d
557959